000 00667cam a2200229 4500500
005 20260329003909.0
041 _afre
042 _adc
100 1 0 _aPortevin, Catherine
_eauthor
245 0 0 _aFrançois Cheng : “Je ne suis pas un sage”
260 _c2017.
500 _a35
690 _aCalligraphie
690 _aCatherine Portevin
690 _aChine
690 _aChrist
690 _aFrançois Cheng
690 _aLacan
690 _aTao
786 0 _nPhilosophie magazine | 111 | 7-8 | 2017-07-01 | p. 41-43 | 1951-1787
856 4 1 _uhttps://shs.cairn.info/magazine-philosophie-magazine-2017-7-8-page-41?lang=fr&redirect-ssocas=7080
999 _c1828790
_d1828790